000 00759nam a2200241 a 4500
001 67919
003 BD-RjUL
005 20211209081717.0
008 170329s1967 enka b 001 0 eng d
035 _a(BD-RjUL)68128
040 _aBD-RjUL
_beng
_cBD-RjUL
_dBD-RjUL
041 _aeng
082 _223
_a539.14
_bHIA 1967
100 1 _aHindmarsh, W. R.
_q(William Russell)
_9201330
245 1 0 _aAtomic spectra /
_cby W. R. Hindmarsh.
260 _aOxford :
_bPergamon,
_cc1967.
300 _ax, 368 p :
_bill ;
_c20 cm.
490 1 _aCommonwealth and international library. Selected readings in physics
500 _aIncludes index.
650 0 _aAtomic spectroscopy
_9164508
830 0 _aCommonwealth and international library.
_9201334
942 _2ddc
_cBK
999 _c67919
_d67919